00501nam a2200157 i 450000100060000000300090000600500170001500700030003200800410003510000510007624500960012726000480022330000220027165000300029385200200032359672ES-MaACL20250822063125.0t|031030s1924 sp ||||1| spa d1 aEnríquez de Salamanca, Fernando, d1890-196610aNefritis b: lecciones explicadas en cátedra / cpor Fernando Enríquez de la Salamanca. aMadrid : b[s.n.], c1924 (fJaime Ratés) a174 p. ; c19 cm.04aRiñones-xEnfermedades. aES-MaACLjE-300